Teoría del lenguaje y lingüística general : cinco estudios /

Gardado en:
Detalles Bibliográficos
Autor Principal: Coseriu, Eugenio (autor)
Formato: Libro
Idioma:Lingua castelá
Publicado: Madrid, España : Gredos, 1973, c1973
Edición:3a edición
Series:(Biblioteca Románica Hispánica. Estudios y Ensayos ; 61)
Temas:
Etiquetas: Engadir etiqueta
Sen Etiquetas, Sexa o primeiro en etiquetar este rexistro!

MARC

LEADER 00000nam^a2200000^a^4500
001 000149954
005 20250521000000.0
009 20260310100118.797
020 |a 84-249-0505-9 
037 |a Acervo ITESO - Biblioteca 
041 |a ESP 
082 |a 400.  |b COS 
100 |a Coseriu, Eugenio  |e (autor) 
245 1 0 |a Teoría del lenguaje y lingüística general :  |b cinco estudios /  |c E. Coseriu. 
250 |a 3a edición  |b revisada y aumentada 
264 4 |a Madrid, España :  |b Gredos,  |c 1973, c1973 
300 |a 328 p. 
336 |a texto  |b txt  |2 rdacontenido 
337 |a sin mediación  |b n  |2 rdamedio 
338 |a volumen  |b nc  |2 rdasoporte 
440 1 |a (Biblioteca Románica Hispánica.  |p Estudios y Ensayos ;  |v 61) 
649 |a XX 
650 |a Lenguaje y Lenguas 
650 |a Fonología 
650 |a Fonética 
650 |a Número Gramatical 
650 |a Gramática 
650 |a Lingüística Prescriptiva 
650 |a Lingüística 
910 |a Fondo Armando Suárez Gómez 
920 |a Impresos - Libros 
930 |a Fondos Especiales 
905 |a 111 
901 |a 0700004773  |b IT2  |c ESP  |u 20250521 
902 |a https://opac.biblio.iteso.mx/vufind/Record/000149954